[Event "Superettan(Schack 08-Majorna)"]
[Site "?"]
[Date "2013.01.13"]
[Round "5"]
[White "Schutz, Ingemar"]
[Black "Linden, Leif"]
[Result "1-0"]
[WhiteElo "2235"]
[BlackElo "1968"]
[PlyCount "85"]
[EventDate "2013.??.??"]

1. e4 c5 2. Nf3 d6 3. d4 cxd4 4. Nxd4 Nf6 5. Nc3 a6 6. Bc4 e6 7. Bb3 Nbd7 8.
Bg5 Nc5 9. Qf3 Be7 10. O-O-O Nxb3+ 11. Nxb3 Qc7 12. Qg3 Bd7 13. f4 Bc6 14. Rhe1
O-O-O 15. Nd4 Rhg8 16. e5 dxe5 17. fxe5 Nh5 18. Qh4 Bxg5+ 19. Qxg5 g6 20. g4
Ng7 21. Nxc6 Rxd1+ 22. Rxd1 Qxc6 23. Qf6 Qc7 24. Rf1 h5 25. h3 hxg4 26. hxg4
Ne8 27. Qxf7 Qxf7 28. Rxf7 Rh8 29. Re7 Rh1+ 30. Kd2 Rh2+ 31. Kd3 Nc7 32. Rg7 b5
33. Rxg6 b4 34. Ne2 Nd5 35. Rg7 Rh3+ 36. Kc4 Re3 37. Nd4 Rxe5 38. Kc5 Nf6+ 39.
Kc6 Re4 40. g5 Rxd4 41. gxf6 Rc4+ 42. Kd6 Rxc2 43. f7 1-0

[Event "Superettan(Schack 08-Majorna)"]
[Site "?"]
[Date "2013.01.13"]
[Round "5"]
[White "Berg, Roy"]
[Black "Arvidsson, Tomas"]
[Result "1/2-1/2"]
[WhiteElo "1867"]
[BlackElo "2011"]
[PlyCount "143"]
[EventDate "2013.??.??"]

1. d4 Nf6 2. c4 g6 3. Nf3 Bg7 4. g3 d6 5. Bg2 O-O 6. O-O Nc6 7. Nc3 a6 8. e4
Bg4 9. h3 Bxf3 10. Bxf3 Nd7 11. Be3 e5 12. d5 Nd4 13. Bg2 c5 14. Qd2 Rb8 15.
Bg5 Qc7 16. h4 b5 17. cxb5 Nb6 18. b3 axb5 19. Bh6 b4 20. Bxg7 Kxg7 21. Ne2
Nxe2+ 22. Qxe2 Ra8 23. Rac1 Ra5 24. Rc2 Nc8 25. f4 Na7 26. f5 f6 27. fxg6 hxg6
28. h5 Nb5 29. Qg4 g5 30. Rcf2 Qc8 31. h6+ Kh8 32. Qh5 Qe8 33. Qxg5 fxg5 34.
Rxf8+ Qxf8 35. Rxf8+ Kh7 36. Rf6 g4 37. Bf1 Nd4 38. Bc4 Rxa2 39. Rxd6 Nf3+ 40.
Kf1 Nd2+ 41. Ke1 Nxc4 42. bxc4 Rc2 43. Re6 Rxc4 44. Rxe5 b3 45. Re7+ Kxh6 46.
Rb7 Rxe4+ 47. Kd2 Rd4+ 48. Ke3 Rb4 49. Rxb4 cxb4 50. d6 b2 51. d7 b1=Q 52. d8=Q
Qb3+ 53. Kd2 Qc3+ 54. Kd1 Qf3+ 55. Kc2 b3+ 56. Kb2 Qg2+ 57. Kxb3 Qxg3+ 58. Kc2
Qf2+ 59. Kd1 Qf1+ 60. Kd2 Qf2+ 61. Kd1 Qf3+ 62. Ke1 Kh5 63. Qh8+ Kg5 64. Qd8+
Kf4 65. Qf6+ Kg3 66. Qd6+ Kg2 67. Qd2+ Kg1 68. Qd4+ Kh2 69. Qh8+ Qh3 70. Qb2+
Kh1 71. Qb7+ Qg2 72. Qh7+ 1/2-1/2

[Event "Superettan(Schack 08-Majorna)"]
[Site "?"]
[Date "2013.01.13"]
[Round "5"]
[White "Forsback, Lenny"]
[Black "Kruger, Jan"]
[Result "1-0"]
[WhiteElo "2094"]
[BlackElo "1842"]
[PlyCount "65"]
[EventDate "2013.??.??"]

1. d4 f5 2. g3 Nf6 3. Bg2 e6 4. Nf3 Be7 5. O-O O-O 6. c4 d6 7. Nc3 Nc6 8. d5
Ne5 9. Nxe5 dxe5 10. Qb3 exd5 11. cxd5 Kh8 12. Bd2 Bd6 13. Nb5 Ne8 14. Rac1 f4
15. Nxd6 cxd6 16. gxf4 exf4 17. Kh1 Qh4 18. Rc4 b6 19. Qf3 g5 20. Bc3+ Kg8 21.
Qe4 Bf5 22. Qd4 Rf6 23. Rc7 Bg4 24. Re7 Kf8 25. Rxe8+ Kxe8 26. Qxf6 Rd8 27. Bd4
Qh5 28. f3 Bc8 29. e3 Rd7 30. Qh8+ Kf7 31. Qg7+ Ke8 32. Qg8+ Ke7 33. exf4 1-0

[Event "Superettan(Orebro-Upsala)"]
[Site "?"]
[Date "2013.02.02"]
[Round "5"]
[White "Glimbrant, Torbjorn"]
[Black "Alm, Hakan"]
[Result "1/2-1/2"]
[WhiteElo "2342"]
[BlackElo "2330"]
[PlyCount "43"]
[EventDate "2013.??.??"]
[SourceDate "2013.02.11"]

1. Nf3 Nf6 2. c4 c6 3. d4 d5 4. e3 Bf5 5. Bd3 Bxd3 6. Qxd3 e6 7. O-O Be7 8.
Nbd2 O-O 9. e4 dxe4 10. Nxe4 Nbd7 11. Rd1 Qc7 12. Bg5 Rfe8 13. Rac1 Nxe4 14.
Qxe4 Bxg5 15. Nxg5 Nf6 16. Qe3 Rad8 17. h3 Re7 18. Nf3 Red7 19. b4 h6 20. Ne5
Rd6 21. a3 Nd7 22. Nf3 1/2-1/2

[Event "Superettan(Orebro-Upsala)"]
[Site "?"]
[Date "2013.02.02"]
[Round "5"]
[White "Nygren, Kim"]
[Black "Andersson, Fredrik"]
[Result "1/2-1/2"]
[WhiteElo "2302"]
[BlackElo "2378"]
[PlyCount "57"]

1. e4 c5 2. Nf3 Nc6 3. d4 cxd4 4. Nxd4 Nf6 5. Nc3 e5 6. Ndb5 d6 7. Bg5 a6 8.
Na3 b5 9. Nab1 Be7 10. Bxf6 Bxf6 11. a4 bxa4 12. Rxa4 O-O 13. Nd2 Bb7 14. Nd5
Bg5 15. Nc4 Rb8 16. Bd3 Ne7 17. O-O Nxd5 18. exd5 f5 19. Na5 Bxd5 20. Bc4 Bxc4
21. Nxc4 d5 22. Nxe5 Rxb2 23. Rxa6 Bf6 24. Nd3 Rb6 25. Ra7 Qb8 26. Rd7 Rd6 27.
Nc5 Qb6 28. Rxd6 Qxd6 29. Nd3 1/2-1/2

[Event "Superettan(Orebro-Upsala)"]
[Site "?"]
[Date "2013.02.02"]
[Round "5"]
[White "Johansson, Jan"]
[Black "Gruvaeus, Curt"]
[Result "1-0"]
[WhiteElo "2430"]
[BlackElo "2344"]
[PlyCount "79"]

1. d4 g6 2. e4 Bg7 3. h4 c5 4. d5 h5 5. Nf3 d6 6. Be2 Nd7 7. Ng5 Ne5 8. Nd2 a6
9. a4 Bg4 10. Nf1 Nf6 11. f3 Bd7 12. a5 b5 13. axb6 Qxb6 14. Ne3 Nh7 15. c3
Nxg5 16. hxg5 Bb5 17. f4 Bxe2 18. Qxe2 Ng4 19. Nxg4 hxg4 20. Rxh8+ Bxh8 21.
Qxg4 Qb5 22. Qe2 c4 23. Qc2 Qc5 24. Kf1 a5 25. Qa4+ Kd8 26. Bd2 e6 27. dxe6
fxe6 28. Ke2 Bg7 29. Be3 Qc7 30. Rd1 Rb8 31. Qa3 Ke8 32. Kf3 Bf8 33. Rh1 d5 34.
Rh8 dxe4+ 35. Kg3 Kf7 36. Rh7+ Bg7 37. Bd4 Rg8 38. Qa4 Kf8 39. Qb5 e5 40. Bc5+
1-0

[Event "Superettan(Orebro-Upsala)"]
[Site "?"]
[Date "2013.02.02"]
[Round "5"]
[White "Lind, Jan-Olov"]
[Black "Burwick, Malte"]
[Result "0-1"]
[WhiteElo "2267"]
[BlackElo "2308"]
[PlyCount "136"]

1. e4 g6 2. Nf3 Bg7 3. d3 c5 4. g3 Nc6 5. Bg2 d6 6. O-O Rb8 7. c3 e5 8. a3 Nge7
9. b4 O-O 10. Be3 b6 11. Qd2 cxb4 12. axb4 d5 13. exd5 Nxd5 14. Bh6 Re8 15.
Bxg7 Kxg7 16. Re1 a6 17. Na3 b5 18. Nb1 f6 19. Qc2 Qc7 20. Qb2 Nb6 21. Nbd2 Na4
22. Qc1 f5 23. Ra3 Qd6 24. Bf1 Bb7 25. h4 Re7 26. h5 Rbe8 27. h6+ Kg8 28. Ng5
Qf6 29. Ndf3 e4 30. dxe4 fxe4 31. Nh2 Ne5 32. Qe3 Rf8 33. Rb1 Nb6 34. Ra2 Nd5
35. Nxe4 Qf5 36. Qe1 Nb6 37. Nd6 Nf3+ 38. Nxf3 Qxf3 39. Nxb7 Rxe1 40. Rxe1 Qxb7
41. Bh3 Nc4 42. Be6+ Kh8 43. Bxc4 bxc4 44. Re3 Rd8 45. Rd2 Qa8 46. Rxd8+ Qxd8
47. Re4 Qf8 48. Rxc4 Qxh6 49. Rc8+ Kg7 50. Rc7+ Kf6 51. Kg2 Qd2 52. Rxh7 Qxc3
53. Rh4 Kf5 54. Rf4+ Ke5 55. Rg4 Qd3 56. Rh4 Kd5 57. Rg4 Kc6 58. f4 Kb5 59. Rh4
Qd2+ 60. Kf3 Qxb4 61. Rh6 Qc3+ 62. Kg4 Qf6 63. Kf3 a5 64. g4 a4 65. f5 Qc3+ 66.
Ke4 Qe1+ 67. Kf3 Qf1+ 68. Kg3 gxf5 0-1

[Event "Superettan(Orebro-Upsala)"]
[Site "?"]
[Date "2013.02.02"]
[Round "5"]
[White "Lindberg, Henrik"]
[Black "Zetterberg, Staffan"]
[Result "1/2-1/2"]
[WhiteElo "2302"]
[BlackElo "2300"]
[PlyCount "53"]

1. e4 Nf6 2. e5 Nd5 3. c4 Nb6 4. d4 d6 5. exd6 cxd6 6. Nc3 g6 7. Be3 Bg7 8. Rc1
Nc6 9. b3 Bf5 10. d5 Ne5 11. Be2 h5 12. h3 Bf6 13. f4 Ned7 14. Nf3 Nc5 15. Ng5
Nbd7 16. b4 Na6 17. a3 Nc7 18. O-O h4 19. c5 dxc5 20. bxc5 O-O 21. Bc4 Kg7 22.
Nge4 Rc8 23. Re1 Ne8 24. Bf2 Qa5 25. Nxf6 Nexf6 26. Rxe7 Rxc5 27. Qe2 1/2-1/2

[Event "Superettan(Orebro-Upsala)"]
[Site "?"]
[Date "2013.02.02"]
[Round "5"]
[White "Drugge, Patrick"]
[Black "Cederberg, Karl Olof"]
[Result "0-1"]
[WhiteElo "2254"]
[BlackElo "2195"]
[PlyCount "64"]

1. e4 d6 2. d4 Nf6 3. Nc3 e5 4. Nf3 Nbd7 5. Bc4 Be7 6. O-O O-O 7. a4 c6 8. Re1
b6 9. Bg5 a6 10. Bh4 Bb7 11. Bg3 Qc7 12. Nh4 g6 13. h3 Nh5 14. Nf5 Bg5 15. dxe5
dxe5 16. Qd6 Rac8 17. Ne7+ Bxe7 18. Qxe7 Nxg3 19. fxg3 Nc5 20. Qf6 Qd8 21. Qf1
b5 22. axb5 axb5 23. Ba2 b4 24. Nd1 Qd4+ 25. Qf2 Rcd8 26. Qxd4 Rxd4 27. Nf2 Kg7
28. Rac1 Ra8 29. c3 Rd2 30. Bc4 b3 31. Re2 Rd6 32. Kf1 Ra4 0-1

[Event "Superettan(Orebro-Upsala)"]
[Site "?"]
[Date "2013.02.02"]
[Round "5"]
[White "Thorgeirsson, Sverrir"]
[Black "Blomstrom, Lars"]
[Result "1-0"]
[WhiteElo "2214"]
[BlackElo "2230"]
[PlyCount "73"]

1. d4 Nf6 2. c4 g6 3. Nc3 Bg7 4. e4 d6 5. Nf3 O-O 6. Be2 e5 7. Be3 Nbd7 8. O-O
c6 9. Nd2 Qe7 10. d5 c5 11. a3 Ne8 12. b4 f5 13. f3 f4 14. Bf2 g5 15. Nb3 b6
16. bxc5 Nxc5 17. a4 Nf6 18. a5 Rb8 19. axb6 axb6 20. Qc2 Nxb3 21. Qxb3 g4 22.
c5 g3 23. hxg3 fxg3 24. Bxg3 Nh5 25. Bh2 Nf4 26. cxd6 Qg5 27. Bxf4 exf4 28.
Rfd1 Be5 29. Rac1 Rf6 30. Nb5 Rg6 31. Bf1 Bd7 32. Rd2 Kh8 33. Nd4 Bxd6 34. Nc6
Rbg8 35. Qxb6 Be5 36. Nxe5 Rxb6 37. Nf7+ 1-0

[Event "Superettan(Orebro-Upsala)"]
[Site "?"]
[Date "2013.02.02"]
[Round "5"]
[White "Jonsson, Krister"]
[Black "Johansson, Thomas"]
[Result "1-0"]
[WhiteElo "2168"]
[BlackElo "2263"]
[PlyCount "93"]

1. d4 e6 2. Nf3 Nf6 3. c4 c5 4. d5 exd5 5. cxd5 d6 6. Nc3 g6 7. e4 a6 8. a4 Bg4
9. Bg5 Nbd7 10. Be2 Bxf3 11. Bxf3 Bg7 12. O-O O-O 13. Qd2 Re8 14. Rfe1 Rb8 15.
Qf4 Qe7 16. h3 Qf8 17. Qd2 b5 18. axb5 axb5 19. Ra7 b4 20. Nd1 Ne5 21. Ne3
Nxf3+ 22. gxf3 Ra8 23. Rea1 Rxa7 24. Rxa7 Ra8 25. Rxa8 Qxa8 26. Nc4 Qa6 27. b3
Nd7 28. Kg2 Ne5 29. Nxe5 Bxe5 30. f4 Bc3 31. Qc2 Kg7 32. e5 dxe5 33. fxe5 Bxe5
34. Qxc5 Bc3 35. Be7 f6 36. Qc7 Kh6 37. Bf8+ Kh5 38. Qxh7+ Kg5 39. Bh6+ Kf5 40.
Qd7+ Ke5 41. Be3 g5 42. Bc5 f5 43. Qc6 Qxc6 44. dxc6 Ke6 45. Kf3 Be5 46. Bxb4
Kd5 47. Be7 1-0

[Event "Superettan(Limhamn II-Kamraterna)"]
[Site "?"]
[Date "2013.02.02"]
[Round "5"]
[White "Hamark, Jesper"]
[Black "Holst, Conny"]
[Result "1-0"]
[WhiteElo "2385"]
[BlackElo "2243"]
[PlyCount "63"]
[SourceDate "2013.02.15"]

1. Nf3 Nf6 2. c4 g6 3. Nc3 Bg7 4. d4 c5 5. g3 O-O 6. Bg2 cxd4 7. Nxd4 Nc6 8.
O-O Qb6 9. Nc2 d6 10. b3 Qa5 11. Bd2 Qh5 12. e3 Bg4 13. f3 Bh3 14. g4 Nxg4 15.
Bxh3 Nxe3 16. Nxe3 Qxh3 17. Qe2 Rac8 18. Rad1 Nd4 19. Qg2 Qd7 20. Kh1 Rc5 21.
Ned5 b5 22. Be3 e5 23. Bxd4 exd4 24. Ne4 Rxd5 25. cxd5 Re8 26. Rfe1 h6 27. Ng3
Rc8 28. Rc1 Rc5 29. Qe2 Rxd5 30. Qe8+ Qxe8 31. Rxe8+ Kh7 32. Rd1 1-0

[Event "Superettan(Limhamn II-Kamraterna)"]
[Site "?"]
[Date "2013.02.02"]
[Round "5"]
[White "Eklund, Joel"]
[Black "Aberg, Anton"]
[Result "0-1"]
[WhiteElo "2259"]
[BlackElo "2420"]
[PlyCount "84"]

1. d4 d5 2. Bg5 c6 3. e3 h6 4. Bh4 Qb6 5. Qc1 e5 6. Nf3 e4 7. Nfd2 Ne7 8. c4
Nf5 9. Bg3 Nxg3 10. hxg3 Be6 11. Nc3 Be7 12. Be2 O-O 13. Qc2 Nd7 14. O-O-O f5
15. f3 Bg5 16. c5 Qc7 17. f4 Be7 18. b4 b6 19. Nb3 a5 20. a3 a4 21. Na1 bxc5
22. bxc5 Nxc5 23. dxc5 Bxc5 24. Rd4 Rfb8 25. Kd2 Bxd4 26. exd4 c5 27. Nb5 Qa5+
28. Qc3 Rxb5 29. Bxb5 Qxb5 30. dxc5 d4 31. Qxd4 Qa5+ 32. Ke3 Rd8 33. Qb4 Rd3+
34. Kf2 e3+ 35. Kg1 Qd8 36. Qxa4 Rd1+ 37. Kh2 Rxh1+ 38. Kxh1 e2 39. Nc2 Qd1+
40. Kh2 Kh7 41. Qa6 Qxc2 42. Qxe6 Qe4 0-1

[Event "Superettan(Limhamn II-Kamraterna)"]
[Site "?"]
[Date "2013.02.02"]
[Round "5"]
[White "Svensson, Bengt"]
[Black "Tadjerbashi, Amir"]
[Result "1-0"]
[WhiteElo "2456"]
[BlackElo "2216"]
[PlyCount "97"]

1. e4 e5 2. Nf3 Nc6 3. Bb5 a6 4. Ba4 Nf6 5. O-O Be7 6. Re1 b5 7. Bb3 O-O 8. c3
d5 9. exd5 Nxd5 10. Nxe5 Nxe5 11. Rxe5 c6 12. d3 Bd6 13. Re1 Qh4 14. g3 Qh3 15.
Re4 Qd7 16. Nd2 Bb7 17. Re1 c5 18. Ne4 Be7 19. Qh5 Nf6 20. Nxf6+ Bxf6 21. Be3
Rac8 22. f3 Rfd8 23. Rad1 g6 24. Qg4 Qxg4 25. fxg4 Bf3 26. Rd2 c4 27. dxc4 bxc4
28. Rxd8+ Bxd8 29. Bd4 Bb6 30. Bxb6 cxb3 31. axb3 Bxg4 32. c4 Rc6 33. Re8+ Kg7
34. Bd4+ Kh6 35. c5 Bd1 36. b4 f6 37. Kf2 g5 38. Ke3 Kg7 39. Re7+ Kg6 40. Ke4
Bb3 41. Kd3 h5 42. Rb7 Ba4 43. Kc4 Bd1 44. b5 Be2+ 45. Kb4 axb5 46. Rb6 Rc8 47.
Rxf6+ Kh7 48. c6 Ra8 49. Kc5 1-0

[Event "Superettan(Limhamn II-Kamraterna)"]
[Site "?"]
[Date "2013.02.02"]
[Round "5"]
[White "Nylen, Anders"]
[Black "Andersson, Michael"]
[Result "1-0"]
[WhiteElo "2201"]
[BlackElo "2225"]
[PlyCount "85"]

1. d4 d6 2. e4 Nf6 3. f3 e5 4. d5 Be7 5. Be3 a5 6. Qd2 Nfd7 7. Bd3 h6 8. Ne2
Bg5 9. f4 exf4 10. Nxf4 Ne5 11. Be2 Nbd7 12. Nc3 Nc5 13. O-O O-O 14. h3 b6 15.
Kh2 Bd7 16. Rae1 Qe7 17. Bd3 Rae8 18. Re2 Qd8 19. Ref2 Qc8 20. Nh5 Bxe3 21.
Qxe3 Ng6 22. Qg3 Re5 23. Rxf7 Rxf7 24. Qxg6 Qf8 25. Rxf7 Qxf7 26. Qxf7+ Kxf7
27. Ng3 Kf6 28. Kg1 Rg5 29. Kf2 Ke5 30. Nge2 Rg6 31. Ng1 Nxd3+ 32. cxd3 Kd4 33.
Nge2+ Kc5 34. a3 a4 35. g4 b5 36. Na2 c6 37. Nac3 Rf6+ 38. Ke3 Rf7 39. Nd4 cxd5
40. Nxd5 Rf1 41. b4+ axb3 42. Nxb3+ Kc6 43. Na5+ 1-0

[Event "Superettan(Limhamn II-Kamraterna)"]
[Site "?"]
[Date "2013.02.02"]
[Round "5"]
[White "Akbarinia, Arash"]
[Black "Hansen, Anders"]
[Result "1-0"]
[WhiteElo "2352"]
[BlackElo "2104"]
[PlyCount "129"]

1. d4 Nf6 2. Nf3 e6 3. g3 c5 4. c4 cxd4 5. Nxd4 d5 6. Bg2 e5 7. Nf3 d4 8. O-O
Nc6 9. e3 Bc5 10. exd4 exd4 11. Re1+ Be6 12. Ne5 O-O 13. Nd3 Be7 14. b3 Bg4 15.
Bf3 Bf5 16. Ba3 Re8 17. Rf1 Ne4 18. Bxe7 Qxe7 19. Bg4 Qg5 20. Bxf5 Qxf5 21. Nd2
Nc3 22. Qf3 Qxf3 23. Nxf3 f6 24. b4 Rad8 25. a3 Ne5 26. Nfxe5 fxe5 27. f3 e4
28. fxe4 Rxe4 29. Rae1 Re3 30. Rxe3 dxe3 31. Nf4 Re8 32. Re1 g5 33. Nd5 Nxd5
34. cxd5 Re5 35. g4 Kf7 36. Kg2 Rxd5 37. Rxe3 b6 38. Kf3 a5 39. Ke4 Ke6 40. Rh3
Rb5 41. Rh6+ Kf7 42. Rxh7+ Kg6 43. Rh3 axb4 44. Rb3 Ra5 45. axb4 Ra2 46. h3 Rd2
47. Rd3 Re2+ 48. Kd5 Rb2 49. Kc4 Kf6 50. Rf3+ Ke6 51. Kb5 Rb1 52. Rf5 Rb3 53.
Rxg5 Rxh3 54. Kxb6 Rh7 55. b5 Kd6 56. Rc5 Rg7 57. g5 Rg8 58. Rc6+ Kd7 59. g6
Rb8+ 60. Kc5 Rh8 61. Rd6+ Kc7 62. b6+ Kb7 63. Rd7+ Kb8 64. g7 Rh5+ 65. Rd5 1-0

[Event "Superettan(Limhamn II-Kamraterna)"]
[Site "?"]
[Date "2013.02.02"]
[Round "5"]
[White "Astrom, Lars"]
[Black "Andersson, Johan"]
[Result "0-1"]
[WhiteElo "2094"]
[BlackElo "2200"]
[PlyCount "106"]

1. e4 d6 2. d4 Nf6 3. Nd2 e5 4. c3 c6 5. Ngf3 Qc7 6. Bd3 Be7 7. O-O O-O 8. Re1
Nbd7 9. Nf1 Re8 10. Ng3 g6 11. h4 Bf8 12. h5 Bg7 13. hxg6 hxg6 14. Qb3 Nf8 15.
Be3 Ne6 16. Rad1 Ng4 17. d5 Nxe3 18. fxe3 Nc5 19. Qc2 cxd5 20. Bb5 Rf8 21. exd5
Bg4 22. Be2 Bh6 23. Nf1 Bf5 24. Qc1 Rac8 25. Nh4 Bd7 26. Qc2 Qd8 27. Nf3 Bf5
28. Qc1 a6 29. Ng3 Bg4 30. Nh2 Bd7 31. Bf3 Qh4 32. Ngf1 Bf5 33. Qd2 Qg5 34. e4
Bd7 35. Qxg5 Bxg5 36. Ng3 Bh4 37. Nhf1 f5 38. Re2 Bb5 39. Red2 Bxf1 40. Nxf1
Nxe4 41. Bxe4 fxe4 42. Re2 Rc7 43. g3 Bd8 44. Rdd2 Rcf7 45. Kg2 Rxf1 46. Rxe4
Bb6 47. Rb4 Be3 48. Rc2 R1f2+ 49. Rxf2 Rxf2+ 50. Kh3 b6 51. Ra4 Rxb2 52. Rxa6
Kf7 53. a4 Ra2 0-1

[Event "Superettan(Limhamn II-Kamraterna)"]
[Site "?"]
[Date "2013.02.02"]
[Round "5"]
[White "Svenn, Matti"]
[Black "Mansson, Peter"]
[Result "0-1"]
[WhiteElo "2242"]
[BlackElo "2179"]
[PlyCount "70"]

1. e4 c5 2. Nf3 Nc6 3. d4 cxd4 4. Nxd4 e5 5. Nb5 d6 6. c4 Be7 7. Be2 f5 8. exf5
Bxf5 9. Bg4 Bxg4 10. Qxg4 g6 11. O-O Nf6 12. Qh3 a6 13. N5a3 O-O 14. Nc3 Nh5
15. Nd5 Nd4 16. Kh1 Bg5 17. Be3 Nf4 18. Nxf4 Bxf4 19. Bxd4 exd4 20. Nc2 Be5 21.
Nb4 Rf5 22. Nd5 Qf8 23. f4 Qf7 24. g4 Rxf4 25. Nxf4 Bxf4 26. Qf3 g5 27. b3 Re8
28. Rae1 Re5 29. Re4 Qg6 30. Rxd4 Qc2 31. Rf2 Qc1+ 32. Kg2 Re1 33. Qd5+ Kh8 34.
Qf5 Rg1+ 35. Kh3 Qe3+ 0-1

[Event "Superettan(Limhamn II-Kamraterna)"]
[Site "?"]
[Date "2013.02.02"]
[Round "5"]
[White "Nurmi, Tommy"]
[Black "Nyberg, Ulf"]
[Result "0-1"]
[WhiteElo "2119"]
[BlackElo "2065"]
[PlyCount "66"]

1. c4 e6 2. e3 b6 3. Nf3 Bb7 4. b3 Nf6 5. Bb2 d5 6. Be2 Bd6 7. d4 O-O 8. Nbd2
Ne4 9. Nxe4 dxe4 10. Nd2 f5 11. g3 Qg5 12. Qc2 c5 13. dxc5 bxc5 14. O-O-O Nc6
15. Nxe4 fxe4 16. Rxd6 Rxf2 17. Qd2 Nb4 18. Rd7 Nd3+ 19. Kb1 Nxb2 20. Qxb2 Bc6
21. Rc7 Be8 22. g4 Bf7 23. Rf1 Rxf1+ 24. Bxf1 Qxe3 25. Qe2 Qd4 26. h4 Rd8 27.
Bg2 e3 28. h5 a5 29. Bc6 Qd6 30. Rxf7 Kxf7 31. Qf3+ Kg8 32. Be4 Qd1+ 33. Kb2 e2
0-1

[Event "Superettan(Solna-Sollentuna)"]
[Site "?"]
[Date "2013.02.02"]
[Round "5"]
[White "Ernst, Thomas"]
[Black "Bergstrom, Christer"]
[Result "1/2-1/2"]
[WhiteElo "2434"]
[BlackElo "2366"]
[PlyCount "70"]
[SourceDate "2013.02.16"]

1. e4 c5 2. Nf3 Nc6 3. d4 cxd4 4. Nxd4 e6 5. Nb5 d6 6. c4 Nf6 7. N1c3 a6 8. Na3
Be7 9. Be2 O-O 10. O-O b6 11. Be3 Ne5 12. Qd4 Rb8 13. Rfd1 Qc7 14. Qd2 Nfg4 15.
Bd4 Nf6 16. f3 Bb7 17. Rac1 Rfd8 18. Bf1 Ba8 19. Qf2 Ned7 20. Nab1 Ne5 21. b3
Qa7 22. a3 Bc6 23. Nd2 Be8 24. b4 Qc7 25. Kh1 Qb7 26. Be2 Nc6 27. Be3 Ne5 28.
Nb3 Rdc8 29. Qf1 Qc7 30. Qf2 Qb7 31. Nd2 Kf8 32. Bd4 Nc6 33. Be3 Ne5 34. Bd4
Nc6 35. Be3 Ne5 1/2-1/2

[Event "Superettan(Solna-Sollentuna)"]
[Site "?"]
[Date "2013.02.02"]
[Round "5"]
[White "Jonsson, Mikael"]
[Black "Poley, Vladimir"]
[Result "1-0"]
[WhiteElo "2335"]
[BlackElo "2440"]
[PlyCount "95"]

1. d4 b5 2. e4 a6 3. Nf3 Bb7 4. Bd3 Nf6 5. Qe2 e6 6. Nbd2 d6 7. c3 Be7 8. a4
Nbd7 9. O-O c6 10. e5 dxe5 11. dxe5 Ng4 12. Bc2 Qc7 13. Re1 h5 14. Ne4 Ndxe5
15. Bf4 Nxf3+ 16. Qxf3 e5 17. Bg3 c5 18. h3 h4 19. Qxg4 hxg3 20. Nxg3 g6 21.
Bxg6 Rg8 22. Bxf7+ Kxf7 23. Qh5+ Rg6 24. Rxe5 Qc6 25. Qh7+ Kf8 26. Qxe7+ Kg8
27. Ne4 Rf8 28. Rd1 Rf7 29. Qe8+ Kg7 30. Qxc6 Bxc6 31. axb5 axb5 32. g3 c4 33.
Ng5 Ra7 34. f4 Ra2 35. Re7+ Kf8 36. Rf7+ Ke8 37. Re1+ Kd8 38. Re2 b4 39. Kf2
Rd6 40. cxb4 Rd1 41. Ne6+ Ke8 42. Rc7 Bd5 43. Nc5+ Kf8 44. Nd7+ Kg7 45. Nb6+
Kf6 46. Rd7 c3 47. bxc3 Bc4 48. Rxa2 1-0

[Event "Superettan(Solna-Sollentuna)"]
[Site "?"]
[Date "2013.02.02"]
[Round "5"]
[White "Vaarala, Eric"]
[Black "Karlsson, Tomas"]
[Result "1-0"]
[WhiteElo "2340"]
[BlackElo "2289"]
[PlyCount "69"]

1. d4 e6 2. c4 d5 3. Nf3 Nf6 4. g3 Be7 5. Bg2 O-O 6. O-O dxc4 7. Nbd2 c5 8.
Nxc4 Nc6 9. dxc5 Bxc5 10. a3 a5 11. Qc2 Qe7 12. Bf4 Nd7 13. Ng5 g6 14. Bxc6
bxc6 15. Ne4 e5 16. Nxe5 Nxe5 17. Nxc5 Bf5 18. Qc3 Rfe8 19. Rfd1 f6 20. Rac1
Nf7 21. e4 Bc8 22. Nb3 g5 23. Bd2 Bd7 24. Nc5 Bh3 25. f4 Bg4 26. Re1 h6 27. Qc4
Kh7 28. e5 fxe5 29. Qe4+ Kg7 30. f5 Qd6 31. Be3 h5 32. Ne6+ Kg8 33. Rxc6 Qd7
34. Rc7 Qd6 35. f6 1-0

[Event "Superettan(Solna-Sollentuna)"]
[Site "?"]
[Date "2013.02.02"]
[Round "5"]
[White "Lundvik, Jonas"]
[Black "Kassani, Sam"]
[Result "1-0"]
[WhiteElo "2283"]
[BlackElo "2262"]
[PlyCount "89"]

1. Nf3 Nf6 2. b3 g6 3. Bb2 Bg7 4. g3 O-O 5. Bg2 c5 6. O-O Nc6 7. c4 d6 8. h3
Rb8 9. Nc3 a6 10. d4 cxd4 11. Nxd4 Bd7 12. Rc1 Nxd4 13. Qxd4 Ne8 14. Qa7 Nc7
15. Bxb7 Bxh3 16. Rfd1 Ne6 17. Bf3 Nc5 18. Ba3 Qa5 19. Nb1 Nd7 20. c5 Ne5 21.
cxd6 Nxf3+ 22. exf3 exd6 23. Bxd6 Qf5 24. Nd2 Ra8 25. Qb7 Rfe8 26. Nc4 Qb5 27.
Qd5 Be6 28. Qd2 Rad8 29. Qb4 Qf5 30. Qb7 Bc8 31. Qc6 h5 32. Bc7 Rxd1+ 33. Rxd1
Re2 34. Nd6 Qc2 35. Qxc2 Rxc2 36. Bb6 Be6 37. Ne4 Rxa2 38. Rd8+ Kh7 39. b4 Rb2
40. Ng5+ Kh6 41. Be3 Rxb4 42. Nxf7+ Kh7 43. Ng5+ Kh6 44. Nxe6+ Kh7 45. Rd7 1-0

[Event "Superettan(Solna-Sollentuna)"]
[Site "?"]
[Date "2013.02.02"]
[Round "5"]
[White "Jansson Owen, Anders"]
[Black "Landgren, Andreas"]
[Result "0-1"]
[WhiteElo "2196"]
[BlackElo "2273"]
[PlyCount "80"]

1. Nf3 d5 2. g3 Nf6 3. Bg2 c5 4. O-O Nc6 5. d3 e6 6. Nbd2 Be7 7. e4 O-O 8. Re1
b5 9. h4 a5 10. Nf1 Ba6 11. N1h2 b4 12. e5 Ne8 13. Bg5 Nc7 14. Ng4 Nb5 15. Qd2
Kh8 16. c3 a4 17. Bxe7 Qxe7 18. Ng5 Qc7 19. Rac1 bxc3 20. bxc3 Qa5 21. Qf4 Nxc3
22. Nh6 Bxd3 23. Ngxf7+ Rxf7 24. Nxf7+ Kg8 25. Ng5 Nd4 26. Qf7+ Kh8 27. Kh2 Bf5
28. Bh3 Bxh3 29. Kxh3 Nxa2 30. Rb1 Nb4 31. h5 Qa7 32. Qf4 Qe7 33. Kg2 Nd3 34.
Qg4 Nxe1+ 35. Rxe1 a3 36. Rh1 h6 37. Nh3 a2 38. Nf4 Qg5 39. Ng6+ Kh7 40. Qd1
a1=Q 0-1

[Event "Superettan(Solna-Sollentuna)"]
[Site "?"]
[Date "2013.02.02"]
[Round "5"]
[White "Lindborg, Petter"]
[Black "Bostrom, Gabriel"]
[Result "0-1"]
[WhiteElo "2252"]
[BlackElo "2113"]
[PlyCount "56"]

1. d4 c5 2. d5 Nf6 3. Nc3 e6 4. e4 d6 5. Bb5+ Bd7 6. Bxd7+ Qxd7 7. Nf3 b5 8.
dxe6 fxe6 9. e5 b4 10. Ne2 dxe5 11. Nxe5 Qd5 12. Nf3 Qxd1+ 13. Kxd1 Nc6 14. c3
Bd6 15. Kc2 Ng4 16. Bf4 e5 17. Bg3 O-O 18. Rad1 Be7 19. h3 Nxf2 20. Bxf2 e4 21.
Neg1 bxc3 22. bxc3 Na5 23. Bxc5 Bxc5 24. Nd4 Rf2+ 25. Rd2 Bxd4 26. cxd4 Rc8+
27. Kd1 Rf1+ 28. Ke2 Rcc1 0-1

[Event "Superettan(Solna-Sollentuna)"]
[Site "?"]
[Date "2013.02.02"]
[Round "5"]
[White "Duenas, Alexis"]
[Black "Bjarnehag, Peter"]
[Result "1/2-1/2"]
[WhiteElo "1891"]
[BlackElo "2228"]
[PlyCount "123"]

1. d4 c5 2. d5 g6 3. e4 Bg7 4. c4 d6 5. f4 e6 6. Nf3 Ne7 7. Be2 exd5 8. cxd5
Bg4 9. O-O Nd7 10. Nc3 O-O 11. Be3 a6 12. a4 Bxf3 13. Bxf3 f5 14. Qd2 Qa5 15.
Kh1 Rae8 16. g4 fxe4 17. Nxe4 Qxd2 18. Bxd2 Nc8 19. Ng5 Bh8 20. Ne6 Rf7 21. g5
Ndb6 22. Bc3 Ne7 23. Nc7 Rc8 24. a5 Nc4 25. Ne6 Bxc3 26. bxc3 Nd2 27. Rf2 Nxf3
28. Rxf3 Nxd5 29. Rd1 Re8 30. Nxc5 Nxc3 31. Rxc3 dxc5 32. Rxc5 Rxf4 33. Rc7 Rf7
34. Rdd7 Rxd7 35. Rxd7 Re5 36. Rxb7 Rxg5 37. Ra7 Rxa5 38. Kg2 Ra3 39. h4 a5 40.
Kh2 a4 41. h5 gxh5 42. Kg2 Ra1 43. Kh2 a3 44. Kg2 a2 45. Kh2 h4 46. Kg2 Kf8 47.
Kh2 Ke8 48. Kg2 Kd8 49. Kh2 Kc8 50. Kg2 Kb8 51. Ra3 Kb7 52. Ra4 Kb6 53. Ra8 Kc5
54. Rc8+ Kd6 55. Ra8 h3+ 56. Kh2 Kc5 57. Rc8+ Kb4 58. Rb8+ Ka3 59. Ra8+ Kb2 60.
Rb8+ Ka3 61. Ra8+ Kb2 62. Rb8+ 1/2-1/2

[Event "Superettan(Solna-Sollentuna)"]
[Site "?"]
[Date "2013.02.02"]
[Round "5"]
[White "Bergstrom, Magnus"]
[Black "Agrest, Roman"]
[Result "1-0"]
[WhiteElo "2175"]
[BlackElo "1924"]
[PlyCount "97"]

1. c4 e5 2. Nc3 Nf6 3. Nf3 Nc6 4. e3 d5 5. cxd5 Nxd5 6. Bb5 Bg4 7. Qa4 Nxc3 8.
Bxc6+ bxc6 9. Qxc6+ Bd7 10. Qxc3 f6 11. d4 e4 12. Nd2 f5 13. O-O a5 14. b3 Bb5
15. Nc4 Bb4 16. Qc2 O-O 17. a3 Bd6 18. Bb2 Ra6 19. d5 Bxh2+ 20. Kxh2 Rh6+ 21.
Kg1 Qh4 22. f4 Qh2+ 23. Kf2 Qh4+ 24. Ke2 Qg4+ 25. Ke1 Rh2 26. Rg1 Rd8 27. Rd1
a4 28. Ne5 Qh4+ 29. Qf2 Qh5 30. bxa4 Bxa4 31. Rd4 Bb3 32. Nc6 Rd6 33. Qd2 Qh4+
34. Kf1 h6 35. Qc3 Rg6 36. Ne7+ Qxe7 37. Qxb3 Qh4 38. Rd2 Kh7 39. Qc3 Qg3 40.
a4 h5 41. Rc2 h4 42. Qe1 Qg4 43. Qe2 Qg3 44. Rxc7 Rg4 45. Qf2 h3 46. Qxg3 Rxg3
47. Rxg7+ Rxg7 48. Bxg7 Kxg7 49. Kf2 1-0